| 000 | 00526nam a2200193 4500 | ||
|---|---|---|---|
| 001 | 4725 | ||
| 005 | 20250409143230.0 | ||
| 008 | 250409b |||||||| |||| 00| 0 eng d | ||
| 020 | _a9780674980259 | ||
| 082 | _a330.12 PIK | ||
| 100 | _4Piketty, Thomas. | ||
| 245 | 0 | 0 | _aCapital in the twenty-first century. |
| 260 | 0 | 0 |
_aLondon : _bThe Belknap Press of Harvard University Press, _c2017. |
| 300 |
_aix, 793 p. : _bill. ; _c25 cm. |
||
| 500 | _a. | ||
| 650 | _aCapstone Project. | ||
| 651 | _2Capital. | ||
| 942 |
_2ddc _cMAIN |
||
| 999 |
_c10210 _d10211 |
||